Statistics for Actors by Last Name #2

Click here to take the quiz!

General Stats

  • This quiz has been taken 53,255 times
    (23,907 since last reset)
  • The average score is 17 of 28

Answer Stats

FirstLast% Correct
LeonardoDiCaprio
99%
JimCarrey
88%
JackieChan
86%
SeanConnery
86%
BenedictCumberbatch
84%
ChrisPratt
84%
AshtonKutcher
80%
KevinCostner
80%
JamesDean
79%
JoePesci
69%
JohnGoodman
66%
MatthewBroderick
66%
HughLaurie
60%
PeterO'Toole
56%
TaylorLautner
55%
RupertGrint
54%
CharltonHeston
52%
SidneyPoitier
49%
BenicioDel Toro
48%
GérardDepardieu
48%
AlanAlda
46%
BobHope
46%
YulBrynner
39%
JeremyPiven
35%
CaryElwes
31%
HaroldRamis
27%
PaulyShore
24%
DjimonHounsou
16%

Score Distribution

Percentile by Number Answered

Percent of People with Each Score

Your Score History

You have not taken this quiz since the last reset